| Tag |
First Indicator |
Second Indicator |
Subfields |
| LEADER |
00000pam a2200000 a 4500 |
| 001 |
in00000087939 |
| 005 |
20151008063057.0 |
| 008 |
811020s1982 enka b 00100 eng |
| 010 |
|
|
|a 81017584
|
| 020 |
|
|
|a 004322007X
|
| 035 |
|
|
|a (OCoLC)07947669
|
| 035 |
|
|
|9 AAK1536AM
|
| 039 |
0 |
|
|a 2
|b 3
|c 3
|d 3
|e 3
|
| 040 |
|
|
|a DLC
|c DLC
|d TXA
|d UtOrBLW
|
| 043 |
|
|
|a aw-----
|
| 049 |
|
|
|a TXAM
|c [1272552]
|
| 050 |
0 |
0 |
|a JF195 C5
|b S63 1982
|
| 082 |
0 |
|
|a 322/.5
|2 19
|
| 245 |
0 |
0 |
|a Soldiers, peasants, and bureaucrats :
|b civil-military relations in Communist and modernizing societies /
|c edited by Roman Kolkowicz and Andrzej Korbonski.
|
| 264 |
|
1 |
|a London ;
|a Boston :
|b G. Allen & Unwin,
|c 1982.
|
| 300 |
|
|
|a 340 pages :
|b illustrations ;
|c 24 cm.
|
| 336 |
|
|
|a text
|b txt
|2 rdacontent
|
| 337 |
|
|
|a unmediated
|b n
|2 rdamedia
|
| 338 |
|
|
|a volume
|b nc
|2 rdacarrier
|
| 504 |
|
|
|a Includes bibliographical references and index.
|
| 650 |
|
0 |
|a Civil supremacy over the military.
|
| 650 |
|
0 |
|a Civil supremacy over the military
|z Middle East.
|
| 650 |
|
0 |
|a Civil supremacy over the military
|z Communist countries.
|
| 700 |
1 |
|
|a Kolkowicz, Roman.
|
| 700 |
1 |
|
|a Korbonski, Andrzej.
|
| 999 |
|
|
|a MARS
|
| 999 |
f |
f |
|s a338b5c6-e1d6-36b4-b717-75e155bd2ec3
|i b9e95c58-6a76-3fd8-8a70-85b509d0c650
|t 0
|
| 952 |
f |
f |
|p ric
|a Texas A&M University
|b Rellis Campus
|c Joint Library Facility
|d Remote Storage
|t 0
|e JF195 C5 S63 1982
|h Library of Congress classification
|i unmediated -- volume
|m A14805977681
|
| 998 |
f |
f |
|a JF195 C5 S63 1982
|t 0
|l Remote Storage
|